00593nam a2200205Ia 4500008004100000020001400041050001400055100002300069245004900092245002600141260001500167260001600182260000900198300001500207300002000222300001000242500000900252999001900261952010700280170918s9999 xx 000 0 und d a590486780 bG347 1992 aSt. George, Judith aDear Dr. Bell… your friend, Helen Keller / cby Judith St. George. aNew York : bScholastic, c1992 a95 pages : billustrations ; c19cm. a1180 c344042d344042 001040aSSISMbSSISMd2017-09-18l0oGS FIC G347 1992pSSISM3114r2017-09-18 00:00:00w2017-09-18yBK